Ładuje się......
The collected essays of A K Ramanujan
| Kolejni autorzy: | |
|---|---|
| Format: | Printed Book |
| Wydane: |
New Delhi
Oxford university press
1999
|
| LEADER | 00503 a2200133 4500 | ||
|---|---|---|---|
| 020 | |a 0195639375 | ||
| 082 | |a IE821.1R08 DHA/C | ||
| 245 | |a The collected essays of A K Ramanujan |c Edited by Vinay Dharwadker | ||
| 260 | |a New Delhi |b Oxford university press |c 1999 | ||
| 300 | |a 638p. | ||
| 700 | |a Dharwadker,Vinay,Ed. | ||
| 942 | |c REF | ||
| 999 | |c 254832 |d 254832 | ||
| 952 | |0 0 |1 0 |4 0 |6 IE_821_000000000000000_1R08_DHA_C |7 0 |9 283586 |a RUS |b RUS |c REF |d 2009-09-17 |g 0.00 |i 5455 |l 0 |o IE821.1R08 DHA/C |p RUS5455 |r 2014-02-14 |w 2014-02-14 |y REF | ||